00333nam a2200133 a 45000010010000000030011000100080041000210350026000620820014000881000022001022450024001242600034001486500017001820000-9315ELIB.Books110520 1997  a(ELIB.Books)0000-9467 a232 bSpu aSpurgeon, Charles aWhen Christ returns bU.S.A.: Whitaker House c1997 aJesus Christ